La Sociedad, el Estado y los partidos en la actualidad brasileña /

I tiakina i:
Ngā taipitopito rārangi puna kōrero
Kaituhi matua: Jaguaribe, Helio (comp.)
Hōputu: Pukapuka
Reo:Pāniora
I whakaputaina: México : Fondo de Cultura Económica, 1992, c1992
Rangatū:(Sección de Obras de Política y Derecho)
Ngā marau:
Ngā Tūtohu: Tāpirihia he Tūtohu
Kāore He Tūtohu, Me noho koe te mea tuatahi ki te tūtohu i tēnei pūkete!

MARC

LEADER 00000nam^a2200000^a^4500
001 000054983
005 20250521000000.0
009 20260310090529.268
020 |a 968-16-3804-4 
037 |a Acervo ITESO - Biblioteca 
041 |a ESP 
082 |a 320. 981064  |b JAG V. 1 
100 |a Jaguaribe, Helio  |e (comp.) 
245 1 3 |a La Sociedad, el Estado y los partidos en la actualidad brasileña /  |c Comp. de H. Jaguaribe ; tr. por Eduardo L. Suárez. 
264 4 |a México :  |b Fondo de Cultura Económica,  |c 1992, c1992 
300 |a 263 p. 
336 |a texto  |b txt  |2 rdacontenido 
337 |a sin mediación  |b n  |2 rdamedio 
338 |a volumen  |b nc  |2 rdasoporte 
440 1 |a (Sección de Obras de Política y Derecho) 
500 |a Traducción de: Sociedade, Estado e Partidos, na atualidade brasileira 
649 |a XX 
650 |a Brasil -  |x Condiciones Políticas 
650 |a Brasil -  |x Condiciones Económicas 
650 |a Cambios Políticos 
650 |a Política Comparada 
650 |a México -  |x Condiciones Políticas 
650 |a Venezuela -  |x Condiciones Políticas 
650 |a Argentina -  |x Condiciones Políticas 
650 |a Portugal -  |x Condiciones Políticas 
650 |a Italia -  |x Condiciones Políticas 
650 |a Alemania -  |x Condiciones Políticas 
910 |a Fondo General 
920 |a Impresos - Libros 
930 |a Colección General 
905 |a 101 
901 |a 0500014030  |b IT1  |c ACC  |u 20250521 
902 |a https://opac.biblio.iteso.mx/vufind/Record/000054983